000 00371nam a22001577a 4500
020 _a9780007282449
082 _a823
_bAGA/F
100 _aAgatha Christie
245 _aFive little pigs/
_cby Agatha Christie
260 _aLondon:
_bHarper,
_c2007.
300 _a336p.
650 _aNovel English
650 _aLiterature English
650 _aLiterature
942 _cBK
999 _c54785
_d54785